000 00458nam a2200193Ia 4500
008 151119s9999||||xx |||||||||||||| ||und||
082 _a823.5
082 _bGKKV8383
100 _aL LANDAU
245 _aWHAT IS THE THEORY OF RELATIVITY
260 _a--
260 _b--
260 _c0
600 _aL LANDAU
630 _aWHAT IS THE THEORY OF RELATIVITY
700 _aL LANDAU
730 _aWHAT IS THE THEORY OF RELATIVITY
942 _cBOOK
999 _c1062837
_d1062834